[Event "8th Gibtelecom Masters"]
[Site "Caleta ENG"]
[Date "2010.01.29"]
[Round "4"]
[White "Lyell,M"]
[Black "Carlsson,P"]
[Result "0-1"]
[WhiteElo "2224"]
[BlackElo "2476"]
[ECO "B23"]

1.e4 c5 2.Nc3 Nc6 3.Bb5 Nd4 4.Bc4 e6 5.Nge2 Nf6 6.O-O a6 7.d3 b5 8.Bb3 Nxb3
9.axb3 Bb7 10.f4 d6 11.f5 Be7 12.Bg5 Qd7 13.Ng3 O-O-O 14.Qd2 h6 15.Bf4 h5
16.h3 h4 17.fxe6 fxe6 18.Nge2 Qc6 19.Rf2 d5 20.exd5 exd5 21.Be5 d4 22.Bxf6 dxc3
23.Bxc3 Rhf8 24.Raf1 Rf5 25.Bxg7 Rg5 26.Nf4 Rxg7 27.Re2 Rdg8 28.Rfe1 Bd6  0-1

[Event "8th Gibtelecom Masters"]
[Site "Caleta ENG"]
[Date "2010.01.29"]
[Round "4"]
[White "Jacobsen,FB"]
[Black "Doubleday,W"]
[Result "1-0"]
[WhiteElo "1952"]
[BlackElo "2115"]
[ECO "B23"]

1.e4 c5 2.Nc3 Nc6 3.Bb5 d6 4.Bxc6+ bxc6 5.f4 Nf6 6.Nf3 g6 7.d3 Bg7 8.O-O O-O
9.Qe1 Bg4 10.Qh4 Rb8 11.h3 Bxf3 12.Rxf3 d5 13.f5 dxe4 14.dxe4 Nd7 15.Bg5 Ne5
16.Rg3 f6 17.Be3 Rxb2 18.Na4 Rxc2 19.Nxc5 Qa5 20.Ne6 Rf7 21.Bh6 Bxh6 22.Qxh6 Rxa2
23.Rxa2 Qxa2 24.fxg6 hxg6 25.Rxg6+ Nxg6 26.Qxg6+ Kh8 27.Qxf7 Qa1+ 28.Kf2 Qb2+
29.Kf3 Qb3+ 30.Kf4 Qb8+ 31.Kg4 Qg8+ 32.Qxg8+ Kxg8 33.Kf5 a5 34.Nc5 Kf7 35.g4 e6+
36.Nxe6 a4 37.Nd8+ Ke7 38.Nxc6+ Kd6 39.Nb4 Kc5 40.Na2 Kc4 41.Kxf6 Kb3 42.e5 Kxa2
43.e6 a3 44.e7 Kb1 45.e8=Q a2 46.Qa8  1-0

[Event "8th Gibtelecom Masters"]
[Site "Caleta ENG"]
[Date "2010.01.30"]
[Round "5"]
[White "Gonzalez Amaya,M"]
[Black "Perez Reisler,J"]
[Result "1-0"]
[WhiteElo "1805"]
[BlackElo "2001"]
[ECO "B26"]

1.e4 c5 2.Nc3 Nc6 3.Nge2 g6 4.g3 Bg7 5.Bg2 e6 6.O-O Nge7 7.d3 O-O 8.Be3 d6
9.Qd2 Nd4 10.Nd1 Rb8 11.c3 Nxe2+ 12.Qxe2 b5 13.d4 cxd4 14.Bxd4 Bxd4 15.cxd4 d5
16.exd5 Nxd5 17.Nc3 Nxc3 18.bxc3 b4 19.Qe5 Ba6 20.Rfc1 Rb5 21.Qf4 bxc3 22.Rxc3 Rb4
23.h4 Rxd4 24.Qc7 Rd1+ 25.Rxd1 Qxd1+ 26.Kh2 Qd4 27.Ra3 Rc8 28.Qe7 Qb6 29.Rxa6 Qxa6
30.Bb7 Qc4 31.Bxc8 Qxc8 32.Qxa7 e5 33.a4 Qf5 34.a5 h5 35.Qe3 Qe6 36.Qb6 Qf5
37.a6  1-0

[Event "2nd Chennai Open"]
[Site "Chennai IND"]
[Date "2010.01.30"]
[Round "7"]
[White "Roy Chowdhury,S"]
[Black "Satyapragyan,S"]
[Result "1/2-1/2"]
[WhiteElo "2413"]
[BlackElo "2480"]
[ECO "B30"]

1.e4 c5 2.Nf3 Nc6 3.Nc3 e6 4.Bb5 Nge7 5.O-O Ng6 6.Bxc6 bxc6 7.d4 cxd4 8.Qxd4 Qb6
9.Qxb6 axb6 10.Be3 b5 11.a3 Be7  1/2-1/2

[Event "ch-UKR b18"]
[Site "Kyiv UKR"]
[Date "2010.01.30"]
[Round "6"]
[White "Olshevskiy,M"]
[Black "Bereziuk,Y"]
[Result "0-1"]
[WhiteElo "2014"]
[BlackElo "2072"]
[ECO "B30"]

1.e4 c5 2.Nc3 Nc6 3.Bb5 Nd4 4.Bc4 e6 5.Nge2 Ne7 6.Nxd4 cxd4 7.Ne2 Nc6 8.d3 Bc5
9.a3 b5 10.Ba2 a5 11.O-O b4 12.a4 O-O 13.f4 Kh8 14.Ng3 Qh4 15.Bd2 Ne7 16.f5 Bd6
17.Qf3 Bb7 18.Bf4 Bxf4 19.Qxf4 Qxf4 20.Rxf4 e5 21.f6 exf4 22.fxe7 fxg3 23.exf8=Q+ Rxf8
24.hxg3 g6 25.Rf1 Kg7 26.e5 f6 27.Re1 Rc8 28.exf6+ Kxf6 29.Rf1+ Kg5 30.Bb3 Re8
31.Rf2 Bc6 32.Kh2 Re5 33.Rf4 Re2 34.Rxd4 Bxg2 35.Kg1 Bc6 36.Kf1 Re3 37.c3 Rf3+
38.Kg2 Rxd3+ 39.Kh3 Rxd4 40.cxd4 d6 41.Bc2 h5 42.b3 Bd5 43.g4 Be6  0-1

[Event "ch-UKR b18"]
[Site "Kyiv UKR"]
[Date "2010.01.30"]
[Round "7"]
[White "Olshevskiy,M"]
[Black "Skliarov,V"]
[Result "0-1"]
[WhiteElo "2014"]
[BlackElo "2068"]
[ECO "B23"]

1.e4 c5 2.Nc3 Nc6 3.Bb5 Nd4 4.Bc4 g6 5.Nge2 Bg7 6.Nxd4 cxd4 7.Ne2 e6 8.Nf4 Ne7
9.O-O O-O 10.d3 d5 11.exd5 e5 12.Ne2 Nxd5 13.Ng3 Be6 14.Ne4 Nc7 15.b3 Bxc4
16.bxc4 f5 17.Ng3 Ne6 18.f4 exf4 19.Bxf4 Nxf4 20.Rxf4 Bh6 21.Rf3 Be3+ 22.Kh1 Qd7
23.Ne2 g5 24.c3 g4 25.Rf1 Rad8 26.cxd4 Bxd4 27.Rb1 Be3 28.Rb3 f4 29.d4 Qe6
30.Rxb7 f3 31.Qb1 fxg2+ 32.Kxg2 Qh6 33.Kh1 Qc6+ 34.d5 Rxf1+  0-1

[Event "ch-BUL S/F Women"]
[Site "Plovdiv BUL"]
[Date "2010.01.30"]
[Round "7"]
[White "Todorova,K"]
[Black "Vladimirova,M"]
[Result "1-0"]
[WhiteElo "1782"]
[BlackElo "2086"]
[ECO "B24"]

1.e4 c5 2.Ne2 Nc6 3.Nbc3 e6 4.g3 g6 5.Bg2 Bg7 6.d3 a6 7.a4 Nge7 8.f4 d6 9.O-O O-O
10.Be3 Nd4 11.Bf2 Nec6 12.Nxd4 Nxd4 13.g4 f5 14.gxf5 exf5 15.Nd5 Ne6 16.c3 Kh8
17.Qe1 Rb8 18.Bh4 Qe8 19.Be7 Rf7 20.Bxd6 Bd7 21.Bxb8 Qxb8 22.exf5 Rxf5 23.Nb6 Qd8
24.Nxd7 Qxd7 25.Bh3 Rf6 26.Qe4 Qf7 27.Rae1 Nf8 28.Bg2 b5 29.axb5 axb5 30.Qe7 Qb3
31.Qxc5 Qxb2 32.Rf2 Qb3 33.Bd5 Qa4 34.d4 Rf5 35.Ra2 Qxa2 36.Bxa2 Rxc5 37.dxc5 Bxc3
38.Re8 Bd4+ 39.Kg2 Bxc5 40.Kf3 b4 41.Ke4 Kg7 42.Kd5 Bg1 43.h3 Kf7 44.Rc8 Ke7
45.Rc7+ Kd8 46.Kd6 Bh2 47.Rf7 Ke8 48.Bd5 g5 49.Kc6 Bxf4 50.Kb7 h5 51.Kc8 Be5
52.Rb7 Ng6 53.Bf7+ Kf8 54.Bxg6 h4 55.Rf7+ Kg8 56.Kd7 b3 57.Ke6 Bc3 58.Rb7 b2
59.Kf5 Bd2 60.Rxb2  1-0

[Event "2nd Chennai Open"]
[Site "Chennai IND"]
[Date "2010.01.31"]
[Round "8"]
[White "Iuldachev,S"]
[Black "Antonio,V"]
[Result "1-0"]
[WhiteElo "2519"]
[BlackElo "2213"]
[ECO "B31"]

1.e4 c5 2.Nc3 Nc6 3.Bb5 Nd4 4.Ba4 g6 5.Nf3 Bg7 6.O-O a6 7.Nxd4 cxd4 8.Ne2 b5
9.Bb3 Bb7 10.d3 d5 11.f3 e6 12.Qe1 Ne7 13.Qh4 h6 14.Kh1 dxe4 15.fxe4 Nc6
16.Qh3 Qd7 17.Bd2 h5 18.Bg5 Na5 19.Bf6 Bxf6 20.Rxf6 Nxb3 21.cxb3 Rc8 22.Raf1 Rc2
23.Qf3 Rc7 24.Qf2 e5 25.Qg3 O-O 26.Qxe5 Rc2 27.Nxd4 Rd2 28.Qf4  1-0

[Event "15th HIT Open A"]
[Site "Nova Gorica SLO"]
[Date "2010.01.31"]
[Round "1"]
[White "Gombac,Jan"]
[Black "Tonel,G"]
[Result "1-0"]
[WhiteElo "2310"]
[BlackElo "2004"]
[ECO "B23"]

1.e4 c5 2.Nc3 Nc6 3.Bb5 g6 4.Bxc6 dxc6 5.d3 Bg7 6.Be3 b6 7.Qd2 e5 8.Nge2 Nf6
9.Bh6 O-O 10.Bxg7 Kxg7 11.f4 Nd7 12.f5 Qh4+ 13.Ng3 Nf6 14.O-O-O Qh6 15.Qxh6+ Kxh6
16.Rhf1 Kg7 17.Rf3 Ba6 18.b3 Rad8 19.h3 Rd6 20.Nge2 Nd7 21.g4 f6 22.h4 b5
23.fxg6 hxg6 24.Ng3 Rh8 25.h5 Nf8 26.Rdf1 Bc8 27.hxg6 Kxg6 28.g5 Nh7 29.Nf5 Rd7
30.Rh3 Rdd8 31.Rh6+ Kf7 32.g6+  1-0

[Event "ch-UKR b18"]
[Site "Kyiv UKR"]
[Date "2010.02.01"]
[Round "9"]
[White "Skliarov,V"]
[Black "Kurayan,R"]
[Result "1/2-1/2"]
[WhiteElo "2068"]
[BlackElo "2256"]
[ECO "B23"]

1.e4 c5 2.Nc3 Nc6 3.Bb5 Nd4 4.Bc4 g6 5.Nf3 Bg7 6.Nxd4 cxd4 7.Qf3 f5 8.Ne2 e6
9.exf5 gxf5 10.Qh5+ Kf8 11.O-O a6 12.a4 b6 13.Nf4 Nf6 14.Qh4 Kf7 15.Nh5 Ng4
16.Qh3 Bb7 17.f3 Nf6 18.Qxf5 Rc8 19.Nxf6 Rxc4 20.Qd3 Qc7 21.Ne4 Ke7 22.b3 Rc6
23.Ba3+ Kd8 24.f4 Kc8 25.Qg3 Bf8 26.Bxf8 Rxf8 27.Qg7 Rd8 28.Qxd4 Rxc2 29.Nd6+ Kb8
30.Nxb7 Kxb7 31.Rf2 Rf8 32.Raf1 Rf5 33.Qe4+  1/2-1/2

[Event "Georgi Tringov Mem"]
[Site "Plovdiv BUL"]
[Date "2010.02.01"]
[Round "2"]
[White "Petrov,Marij"]
[Black "Cirlan,I"]
[Result "1-0"]
[WhiteElo "2500"]
[BlackElo "2100"]
[ECO "B33"]

1.e4 c5 2.Nc3 Nc6 3.Nf3 d6 4.d4 cxd4 5.Nxd4 e5 6.Nf3 Nf6 7.Bg5 Be7 8.Qd2 Be6
9.O-O-O Qa5 10.Bxf6 Bxf6 11.Kb1 O-O 12.Nd5 Qd8 13.Bc4 Bxd5 14.Bxd5 Qb6 15.g4 Nb4
16.Bb3 a5 17.a3 Na6 18.Qxd6 Qxf2 19.Nxe5 Bxe5 20.Qxe5 Rad8 21.Qxa5 Nc5 22.Bd5 Nxe4
23.Bxb7 Nc5 24.Bd5 Rb8 25.Rhf1 Qe3 26.Rxf7 Rxf7 27.Bxf7+ Kh8 28.Rd8+  1-0

[Event "Georgi Tringov Mem"]
[Site "Plovdiv BUL"]
[Date "2010.02.01"]
[Round "3"]
[White "Stoinev,M"]
[Black "Miljkovic,Mir1"]
[Result "1/2-1/2"]
[WhiteElo "2268"]
[BlackElo "2477"]
[ECO "B30"]

1.e4 c5 2.Nf3 Nc6 3.Nc3 e5 4.Bc4 Be7 5.d3 d6 6.O-O h6 7.Nd5 Nf6 8.c3 O-O
9.a3 Nxd5 10.Bxd5 Bg4 11.h3 Bxf3 12.Qxf3 Bg5 13.Qg4 Bxc1 14.Raxc1 Ne7 15.Ba2 Kh8
16.Rcd1 f5 17.exf5 Nxf5 18.Rde1 Qb6 19.Re2 Rf6 20.Kh2 Raf8 21.Qe4 Qc7 22.Bd5 Ne7
23.g3 Nxd5 24.Qxd5 Rf3 25.Kg2 Qb6 26.h4 R3f5 27.Rd2 Qc7 28.Rc1 b6 29.Rcc2 e4
30.Qxe4 Re5 31.Qg4 Qc6+ 32.f3 h5 33.Qh3 Rxf3 34.Kh2 Ref5 35.Qg2 Qd5 36.d4 c4
37.Rf2 b5 38.Rxf3 Rxf3 39.Rf2 Rxf2 40.Qxf2 Qe4 41.Qg2 Qf5 42.Qe2 Kh7 43.Kg2 a5
44.Qf3 Qc2+ 45.Kh3 Kg6 46.g4 Qd3 47.gxh5+ Kh6 48.Kg4 Qxf3+ 49.Kxf3 Kxh5 50.Kg3 g6
51.Kh3 g5 52.hxg5 Kxg5 53.Kg3 Kf5 54.Kf3 d5 55.Ke3 Kg4 56.Ke2 Kf4 57.Kf2 Ke4
58.Ke2  1/2-1/2

[Event "8th Gibtelecom Masters"]
[Site "Caleta ENG"]
[Date "2010.02.02"]
[Round "8"]
[White "Compton,A"]
[Black "Helin,M"]
[Result "1-0"]
[WhiteElo "2066"]
[BlackElo "1972"]
[ECO "B47"]

1.e4 c5 2.Nc3 Nc6 3.Bb5 Nd4 4.Bc4 a6 5.Nf3 e6 6.a4 Nc6 7.d4 cxd4 8.Nxd4 Qc7
9.Be2 Nf6 10.Nxc6 dxc6 11.O-O h5 12.f4 e5 13.f5 Bd7 14.Be3 Bb4 15.Bf3 O-O-O
16.Qe2 Bxc3 17.bxc3 Bxf5 18.Qf2 Bxe4 19.Bxe4 Nxe4 20.Qf5+ Kb8 21.Qxe4 g6
22.Rab1 f5 23.Qc4 b5 24.axb5 cxb5 25.Qa2 Qxc3 26.Bb6 Rd5 27.Qxd5 Rc8 28.Qd7 Rc7
29.Bxc7+ Qxc7 30.Qxc7+ Kxc7 31.c4 bxc4 32.Rfc1 e4 33.Rxc4+ Kd6 34.Rd1+ Ke5
35.g3 h4 36.Kf2 a5 37.Ke3 Kf6 38.gxh4 Kg7 39.Kf4 Kh6 40.Rg1 a4 41.Rc6 a3
42.Rgxg6+ Kh7 43.Rgd6  1-0

[Event "8th Gibtelecom Masters"]
[Site "Caleta ENG"]
[Date "2010.02.02"]
[Round "8"]
[White "Lipecki,A"]
[Black "Bryn,A"]
[Result "1-0"]
[WhiteElo "2146"]
[BlackElo "2036"]
[ECO "B23"]

1.e4 c5 2.Nc3 Nc6 3.Bb5 Na5 4.a3 a6 5.Be2 e6 6.Bf3 Nc6 7.d3 Nf6 8.g3 h6 9.Bg2 d5
10.exd5 exd5 11.Nge2 d4 12.Ne4 Be7 13.Bf4 Nxe4 14.Bxe4 Qb6 15.Qc1 Bg4 16.h3 Bxe2
17.Kxe2 g5 18.Bd2 O-O-O 19.Re1 Bd6 20.Kf1 Ne7 21.b4 cxb4 22.axb4 f5 23.Bg2 Kb8
24.b5 axb5 25.Ba5 Qc5 26.Bxd8 Rxd8 27.Qd2 b4 28.Re6 f4 29.g4 h5 30.Qe2 hxg4
31.hxg4 Nc6 32.Re8 Rxe8 33.Qxe8+ Kc7 34.Bxc6 bxc6 35.Ra8 Qxc2 36.Qb8+ Kd7
37.Ra7+ Ke6 38.Qg8+  1-0

[Event "ch-UKR b18"]
[Site "Kyiv UKR"]
[Date "2010.02.02"]
[Round "10"]
[White "Kigel,D"]
[Black "Skliarov,V"]
[Result "0-1"]
[WhiteElo "2050"]
[BlackElo "2068"]
[ECO "B23"]

1.e4 c5 2.Nc3 Nc6 3.Bb5 Nd4 4.Bc4 g6 5.Nf3 Bg7 6.Nxd4 cxd4 7.Qf3 Nh6 8.Ne2 O-O
9.d3 Ng4 10.Bb3 d6 11.Qg3 a5 12.a4 Nf6 13.Nxd4 Nxe4 14.dxe4 Bxd4 15.c3 Bg7
16.h4 Qb6 17.Ra3 Be6 18.Be3 Qc6 19.Bxe6 fxe6 20.Qg4 Kf7 21.h5 Rh8 22.h6 Bf6
23.O-O b5 24.Bg5 Rhf8 25.Bxf6 exf6 26.axb5 Qxb5 27.b4 a4 28.Rfa1 Ra6 29.Qd1 Rfa8
30.Qd4 g5 31.c4 Qxb4 32.e5 dxe5 33.Qd3 f5 34.Rb1 Qe7 35.g4 Kg6 36.Qh3 Rf8
37.Qe3 e4 38.c5 Rc6 39.Rc1 Rfc8 40.Rxa4 Kxh6 41.Rac4 Kg6 42.Kg2 Qc7 43.Qh3 Qf4
44.Qh5+ Kg7 45.Rh1 Qxg4+ 46.Qxg4 fxg4 47.Rxe4 Kg6 48.Re5 Kf6 49.Ree1 Kg6
50.Re5 h5 51.Rhe1 Kf6 52.R5e4 Ra8 53.Rh1 Kg6 54.Rd1 Kf5 55.Rb4 Rxc5 56.Rd7 Ra2
57.Rf7+ Kg6 58.Rbb7 Rf5 59.Rg7+ Kf6 60.Rbf7+ Ke5 61.Rxf5+ exf5 62.Re7+ Kf4
63.Re3 h4  0-1

[Event "8th Gibtelecom Masters"]
[Site "Caleta ENG"]
[Date "2010.02.03"]
[Round "9"]
[White "Hughes,Ro"]
[Black "Hansen,Erl"]
[Result "1-0"]
[WhiteElo "1976"]
[BlackElo "1699"]
[ECO "B23"]

1.e4 c5 2.Nc3 Nc6 3.Bb5 g6 4.Bxc6 bxc6 5.d3 Bg7 6.f4 Nf6 7.Nf3 d5 8.e5 Nd7
9.O-O O-O 10.Na4 Qa5 11.b3 Nb6 12.Bd2 Qb5 13.c4 Qa6 14.Nxc5 Qa3 15.Be3 Rd8
16.Qc1 Qa5 17.a3 Nd7 18.b4 Qc7 19.Nxd7 Qxd7 20.Bc5 Ba6 21.Re1 e6 22.Qc3 Bf8
23.Bxf8 Kxf8 24.c5 Rab8 25.Nd4 Rb7 26.Reb1 Rdb8 27.Rb3 Kg8 28.a4 Rc7 29.Rab1 Qe7
30.Qe1 Kh8 31.Qf2 Kg8 32.b5 cxb5 33.axb5 Bb7 34.c6 Ba8 35.Qc2 f6 36.exf6 Qxf6
37.Qf2 Rf8 38.Qe3 Re8 39.Nf3 a6 40.b6 Rxc6 41.b7 Bxb7 42.Rxb7 Rec8 43.h3 Rc3
44.Rb8 a5 45.Rxc8+ Rxc8 46.Rb6 d4 47.Nxd4 Rc1+ 48.Kh2  1-0

[Event "8th Gibtelecom Masters"]
[Site "Caleta ENG"]
[Date "2010.02.03"]
[Round "9"]
[White "Movsesian,S"]
[Black "Halkias,S"]
[Result "1-0"]
[WhiteElo "2708"]
[BlackElo "2566"]
[ECO "B30"]

1.e4 c5 2.Nf3 Nc6 3.Nc3 Nf6 4.Bb5 Qc7 5.d3 a6 6.Bxc6 Qxc6 7.Bg5 e6 8.Qe2 b5
9.O-O-O Bb7 10.Kb1 Qb6 11.Nd2 Rc8 12.Rhe1 h6 13.Bh4 Qc7 14.Bxf6 gxf6 15.Nd5 Qd8
16.Qf3 Be7 17.Nxe7 Qxe7 18.Qg3 d6 19.c4 Kd7 20.Qe3 Kc7 21.d4 Kb8 22.Qd3 cxd4
23.Qxd4 e5 24.Qd3 Rc5 25.Rc1 bxc4 26.Nxc4 d5 27.exd5 Rxd5 28.Qe3 Rhd8 29.Qxh6 Rd4
30.f3 Qe6 31.Ne3 Rd2 32.Red1 f5 33.Rxd2 Qxh6 34.Rxd8+ Ka7 35.Nc4 e4 36.Nd6 Ba8
37.Nc8+ Kb7 38.Rd7+ Kb8 39.Nd6 Qf8 40.Rc8+ Qxc8 41.Nxc8 e3 42.Kc2  1-0

[Event "Georgi Tringov Mem"]
[Site "Plovdiv BUL"]
[Date "2010.02.03"]
[Round "5"]
[White "Stanojoski,Z"]
[Black "Kjurkchiiski,G"]
[Result "1/2-1/2"]
[WhiteElo "2499"]
[BlackElo "2266"]
[ECO "B23"]

1.e4 c5 2.Nc3 Nc6 3.Bb5 Na5 4.Nf3 a6 5.Be2 b5 6.d4 cxd4 7.Qxd4 Nc6 8.Qe3 g6
9.O-O Bg7 10.a4 b4 11.Nd5 e6 12.Nb6 Bh6 13.Qc5 Bf8 14.Qe3 Bh6 15.Qc5 Bf8
16.Qe3 Bh6  1/2-1/2

[Event "8th Gibtelecom Masters"]
[Site "Caleta ENG"]
[Date "2010.02.04"]
[Round "10"]
[White "Tari,A"]
[Black "Doubleday,W"]
[Result "1/2-1/2"]
[WhiteElo "1932"]
[BlackElo "2115"]
[ECO "B89"]

1.e4 c5 2.Nf3 Nc6 3.Nc3 d6 4.d4 cxd4 5.Nxd4 Nf6 6.Bc4 e6 7.Be3 Be7 8.f3 a6
9.Qd2 Bd7 10.g4 h6 11.O-O-O Qc7 12.h4 O-O-O 13.g5 Nh5 14.Nxc6 Bxc6 15.Bb3 hxg5
16.hxg5 g6 17.Qf2 Rde8 18.f4 Ng7 19.Rhg1 b5 20.Bd4 Rh7 21.Bxg7 Rxg7 22.f5 gxf5
23.exf5 Bxg5+ 24.Kb1 d5 25.Ne2 Reg8 26.Nd4 Bd7 27.Rd3 Kb7 28.Qf3 Bf6 29.Rgd1 Rg3
30.Qf2 Rg2 31.Qf3 R8g3 32.Bxd5+ exd5 33.Qxd5+ Bc6 34.Nxc6 Qxc6 35.Qxf7+ Kc8
36.Qf8+ Kc7 37.Qf7+  1/2-1/2

[Event "Bundesliga 2009-10"]
[Site "Muelheim GER"]
[Date "2010.02.07"]
[Round "9"]
[White "Thesing,M"]
[Black "Handke,F"]
[Result "0-1"]
[WhiteElo "2419"]
[BlackElo "2513"]
[ECO "B23"]

1.e4 c5 2.Nc3 Nc6 3.Bb5 Nd4 4.Bc4 e6 5.Nge2 Nf6 6.O-O a6 7.d3 b5 8.Bb3 Nxb3
9.axb3 Bb7 10.Bg5 Be7 11.f4 h6 12.Bxf6 gxf6 13.Ng3 h5 14.Qf3 h4 15.Nge2 f5
16.Qe3 Rg8 17.Rf2 fxe4 18.Nxe4 Qc7 19.c4 f5 20.Ng5 b4 21.Kf1 O-O-O 22.Ng1 Rg7
23.Re1 Rdg8 24.N1f3 Kb8 25.Ree2 Bf6 26.Nh3 Qa5 27.Qd2 Qa1+ 28.Qe1 Qxe1+ 29.Rxe1 Bxf3
30.gxf3 Kb7 31.Rd2 a5 32.Rc2 Kb6 33.Ree2 a4 34.bxa4 b3 35.Rcd2 Ka5 36.Ke1 Rg1+
37.Nxg1 Rxg1+ 38.Kf2 Bd4+ 39.Re3 Rh1 40.Re2 Rxh2+ 41.Kf1 Rh1+ 42.Kg2 Rb1
43.Re5 Kxa4  0-1

[Event "FSIMA February"]
[Site "Budapest HUN"]
[Date "2010.02.10"]
[Round "5"]
[White "Lyell,M"]
[Black "Szalanczy,E"]
[Result "1-0"]
[WhiteElo "2224"]
[BlackElo "2298"]
[ECO "B23"]

1.e4 c5 2.Nc3 Nc6 3.Bb5 Nd4 4.Bc4 e6 5.Nge2 Qc7 6.d3 Nf6 7.Nxd4 cxd4 8.Nb5 Qb6
9.c3 dxc3 10.Nxc3 a6 11.O-O Qc7 12.Qe2 Bc5 13.e5 d5 14.exf6 dxc4 15.fxg7 Rg8
16.Ne4 Be7 17.Bh6 Bd7 18.Rac1 Bc6 19.Rxc4 O-O-O 20.Rfc1 Rd5 21.Qe3 Kb8 22.Nc5 Bxc5
23.Rxc5 Qd7 24.Rxd5 Qxd5 25.f3 Kc8 26.h4 f6 27.Qf4 f5 28.h5 Kd7 29.Rc4 Kc8
30.Rd4 Qxa2 31.Qe5 Bd5 32.Bf4 Kd7 33.Qc7+ Ke8 34.Bg5 Rxg7 35.Qxg7  1-0

[Event "TCh-Eur Seniors"]
[Site "Dresden GER"]
[Date "2010.02.13"]
[Round "4"]
[White "Salov,S"]
[Black "Bukacek,E"]
[Result "1/2-1/2"]
[WhiteElo "2276"]
[BlackElo "2181"]
[ECO "B30"]

1.e4 c5 2.Nf3 Nc6 3.Nc3 Nf6 4.Bb5 Nd4 5.e5 Nxb5 6.Nxb5 Nd5 7.O-O a6 8.Nc3 Nxc3
9.dxc3 b6 10.Qd5 Ra7 11.Ng5 e6 12.Qf3 d5 13.exd6 Bxd6 14.Rd1 O-O 15.Qd3 g6
16.Ne4  1/2-1/2

[Event "Noteboom Mem"]
[Site "Leiden NED"]
[Date "2010.02.13"]
[Round "3"]
[White "Otte,Mari"]
[Black "Van Loon,E"]
[Result "0-1"]
[WhiteElo "2301"]
[BlackElo "2056"]
[ECO "B29"]

1.e4 c5 2.Nf3 Nc6 3.Nc3 Nf6 4.e5 Ng4 5.Qe2 d6 6.exd6 e6 7.Nb5 Bxd6 8.Nxd6+ Qxd6
9.c3 O-O 10.d3 f5 11.Qc2 e5 12.h3 Nf6 13.Be2 Be6 14.Nd2 Rae8 15.O-O Nd5 16.Nc4 Qe7
17.a4 Qh4 18.Re1 Rf6 19.Bf3 Bf7 20.Kh2 Nf4 21.Bxc6 bxc6 22.Bxf4 Qxf4+ 23.g3 Qf3
24.Nxe5 Rxe5 25.Rxe5 Bd5 26.Rg1 f4 27.Re2 Qh5 28.d4 c4 29.h4 Rh6 30.Re5 Qxh4+  0-1

[Event "TCh-Eur Seniors"]
[Site "Dresden GER"]
[Date "2010.02.14"]
[Round "5"]
[White "Pacl,V"]
[Black "Petrushin,A1"]
[Result "1/2-1/2"]
[WhiteElo "2275"]
[BlackElo "2465"]
[ECO "B23"]

1.e4 c5 2.Nc3 Nc6 3.Bb5 Nd4 4.Bc4 e6 5.Nge2 Nf6 6.O-O d5 7.exd5 exd5 8.Nxd5 Nxd5
9.Nxd4 cxd4 10.Qh5 Ne7 11.Qxf7+ Kd7 12.d3 Qb6 13.Bb3 Qg6 14.Qc4 Nc6 15.Re1 Bd6
16.Bd2 Rf8 17.Ba4 Qh5 18.h3 Qc5 19.b4 Qxc4 20.dxc4 b6 21.c3 dxc3 22.Bxc3 Kc7
23.a3 Rf4 24.Bb3 a5 25.c5  1/2-1/2

[Event "TCh-FIN 2009-10"]
[Site "Finland FIN"]
[Date "2010.02.14"]
[Round "7"]
[White "Nieminen,K"]
[Black "Tuominen,T"]
[Result "1-0"]
[WhiteElo "2219"]
[BlackElo "2107"]
[ECO "B23"]

1.e4 c5 2.Nc3 Nc6 3.Nge2 e5 4.Nd5 b5 5.Ng3 a6 6.a4 Rb8 7.axb5 axb5 8.Nf5 Nf6
9.Nxf6+ Qxf6 10.Ne3 Bd6 11.Be2 O-O 12.O-O Qg6 13.d3 Bb7 14.Bg4 Ne7 15.Nf5 Qf6
16.Be3 Ra8 17.Qf3 Bc6 18.Nh6+ Kh8 19.Rxa8 Bxa8 20.Qxf6 gxf6 21.Bxd7 Kg7 22.Ra1 Rd8
23.Bxb5 f5 24.Nxf5+ Nxf5 25.exf5 Kf6 26.Ra7 Rg8 27.g3 Bd5 28.Ra6 Ke7 29.f6+ Ke6
30.Bxc5  1-0

[Event "US Amateur Team-ch East"]
[Site "Parsippany USA"]
[Date "2010.02.14"]
[Round "4"]
[White "Lawrence,J"]
[Black "Sells,P"]
[Result "1-0"]
[WhiteElo "1932"]
[BlackElo "1837"]
[ECO "B23"]

1.e4 c5 2.Nc3 Nc6 3.Bb5 Nd4 4.Bc4 e6 5.Nge2 a6 6.a4 Qc7 7.d3 Nf6 8.f4 d6
9.O-O Be7 10.Kh1 O-O 11.Be3 Nxe2 12.Qxe2 Rd8 13.Bg1 d5 14.Bb3 d4 15.Nb1 b6
16.Nd2 Bb7 17.f5 e5 18.g4 h6 19.h4 Nh7 20.Nf3 b5 21.Bh2 Bf6 22.Rg1 Qe7 23.g5 hxg5
24.hxg5 Nxg5 25.Nxg5 Bxg5 26.Bxf7+ Qxf7 27.Rxg5 Qf6 28.Rag1 Rd7 29.Rg6 Qxf5
30.Qg2 Rad8 31.Rxg7+ Kh8 32.Rg8+ Kh7 33.Rxd8  1-0

[Event "TCh-SUI NatLigaA"]
[Site "Switzerland SUI"]
[Date "2010.02.14"]
[Round "1"]
[White "Gallagher,Jo"]
[Black "Lehmann,A"]
[Result "1-0"]
[WhiteElo "2486"]
[BlackElo "2321"]
[ECO "B33"]

1.e4 c5 2.Nf3 Nc6 3.Nc3 Nf6 4.d4 cxd4 5.Nxd4 e5 6.Ndb5 d6 7.Bg5 a6 8.Na3 b5
9.Bxf6 gxf6 10.Nd5 f5 11.c3 Bg7 12.exf5 Bxf5 13.Nc2 O-O 14.Nce3 Bg6 15.a4 b4
16.h4 Be4 17.cxb4 Nd4 18.Bd3 Bxd5 19.Nxd5 f5 20.Qh5 Kh8 21.O-O e4 22.Bc4 Be5
23.Rad1 Ra7 24.Rfe1 Rg7 25.Kf1 Rg4 26.g3 Qd7 27.Qh6 f4 28.Qxf8+  1-0

[Event "BSF 75th Ann."]
[Site "Bronshoj DEN"]
[Date "2010.02.15"]
[Round "1"]
[White "Hansen,LH"]
[Black "Rosenkilde,A"]
[Result "1/2-1/2"]
[WhiteElo "2083"]
[BlackElo "2215"]
[ECO "B30"]

1.e4 c5 2.Nf3 Nc6 3.Nc3 e5 4.Bc4 Be7 5.Nd5 Nf6 6.Nxe7 Qxe7 7.d3 d6 8.h3 O-O
9.Bg5 Rb8 10.a4 h6 11.Bh4 Kh8 12.c3 Nd8 13.g4 g5 14.Bg3 Kg7 15.Qd2 Ne6 16.Bxe6 Qxe6
17.h4 Qxg4 18.hxg5 Qxf3 19.gxf6+ Kxf6 20.Qxh6+ Ke7 21.Kd2 Be6 22.Rae1 b5
23.Re3 Qg4 24.Bh4+ Kd7 25.a5 Qg6 26.Qxg6 fxg6 27.Rg1 Rh8 28.Bf6 Rh2 29.Rxg6 Rxf2+
30.Re2 Rxe2+ 31.Kxe2  1/2-1/2

[Event "Uxbridge Int Alekhine"]
[Site "Uxbridge ENG"]
[Date "2010.02.15"]
[Round "4"]
[White "Byron,A"]
[Black "Rudd,J"]
[Result "0-1"]
[WhiteElo "2196"]
[BlackElo "2286"]
[ECO "B40"]

1.e4 c5 2.Nf3 Nc6 3.Nc3 Nf6 4.d4 cxd4 5.Nxd4 e6 6.Nxc6 bxc6 7.Bd3 d5 8.O-O Be7
9.Qe2 O-O 10.Bf4 Re8 11.Kh1 Nd7 12.Bg3 Nc5 13.Rfe1 Qb6 14.exd5 Nxd3 15.Qxd3 cxd5
16.Qb5 Bb7 17.Qxb6 axb6 18.Nb5 Rec8 19.c3 Bc6 20.Nd4 Bd7 21.f3 b5 22.a3 Ra6
23.Bf2 f6 24.f4 Kf7 25.Nf3 h6 26.h4 Bd6 27.g3 Re8 28.Bd4 g5 29.hxg5 hxg5
30.fxg5 e5 31.Bf2 e4 32.Nd4 fxg5 33.Kg2 Be5 34.Be3 Kg6 35.Rh1 Bg4 36.Rh2 Rf6
37.Rah1 Bf3+ 38.Nxf3 Rxf3 39.Bf2 Ref8 40.Rh6+ Kf5 41.Rd1 Kg4 42.Be1 Bxg3
43.Bxg3 Rxg3+ 44.Kh1 e3 45.Re6  0-1

[Event "Uxbridge Int Alekhine"]
[Site "Uxbridge ENG"]
[Date "2010.02.17"]
[Round "8"]
[White "Seyfried,C"]
[Black "Poobalasingam,P"]
[Result "0-1"]
[WhiteElo "2067"]
[BlackElo "2341"]
[ECO "B51"]

1.e4 c5 2.Nc3 Nc6 3.Nf3 d6 4.Bb5 Bd7 5.O-O e6 6.Re1 a6 7.Bxc6 Bxc6 8.d4 cxd4
9.Qxd4 Nf6 10.Bg5 Be7 11.Rad1 O-O 12.e5 dxe5 13.Nxe5 Qxd4 14.Rxd4 Rfc8 15.Ng4 h5
16.Nxf6+ gxf6 17.Bc1 f5 18.Re3 Bf6 19.Rdd3 Rd8 20.Rxd8+ Rxd8 21.Rd3 Rc8 22.f3 b5
23.a3 a5 24.Ne2 b4 25.axb4 Bb5 26.Rd2 axb4 27.f4 Ra8 28.Kf2 Ra1 29.Rd1 Kh7
30.Re1 Ra2 31.Be3 Bxb2 32.Bd2 Ba3 33.Nd4 Ba4  0-1

[Event "TCh-Eur Seniors"]
[Site "Dresden GER"]
[Date "2010.02.18"]
[Round "9"]
[White "Klundt,K"]
[Black "Bhend,E"]
[Result "1-0"]
[WhiteElo "2340"]
[BlackElo "2207"]
[ECO "B30"]

1.e4 c5 2.Nf3 Nc6 3.Nc3 e5 4.Bc4 d6 5.d3 Be7 6.O-O Nf6 7.Ng5 O-O 8.f4 h6
9.Nf3 exf4 10.Bxf4 Be6 11.Nd5 Bxd5 12.Bxd5 Nxd5 13.exd5 Ne5 14.Nxe5 dxe5
15.Bxe5 Qxd5 16.Bc3 f5 17.Qf3 Qxf3 18.Rxf3 Bf6 19.Bxf6 Rxf6 20.Re1 Raf8 21.Re7 R8f7
22.Rfe3 b6 23.Kf2 g6 24.a4 Kg7 25.R3e5 Rd6 26.b3 Kf6 27.Re8 Rfd7 28.a5 Rd8
29.R5e7 b5 30.Rxd8 Kxe7 31.Rc8 Ra6 32.Rxc5 Rxa5 33.Ke3 Ra2 34.h4 a5 35.h5 gxh5
36.Kd2 a4 37.Rxb5 axb3 38.Rxb3 Ra1 39.Ke3 Kf6 40.c4 Re1+ 41.Kd4 Re2 42.Rb6+ Kg5
43.Rb8 h4 44.c5 Kf6 45.c6 Rc2 46.Kd5 f4 47.Rf8+ Kg5 48.Kd6 f3 49.Rxf3 Rxg2
50.c7 Rc2 51.Rf8 h3 52.c8=Q Rxc8 53.Rxc8 h2 54.Rc1 Kf4 55.d4 Kg3 56.Ke5 h5
57.d5 h4 58.d6 Kg2 59.d7  1-0

[Event "Max Euwe Challenge"]
[Site "Amsterdam NED"]
[Date "2010.02.19"]
[Round "1"]
[White "Afek,Y"]
[Black "Kleijn,C"]
[Result "0-1"]
[WhiteElo "2280"]
[BlackElo "2359"]
[ECO "B89"]

1.e4 c5 2.Nc3 Nc6 3.Nge2 Nf6 4.d4 cxd4 5.Nxd4 d6 6.Bc4 e6 7.Be3 Be7 8.Qe2 a6
9.O-O-O Qc7 10.Bb3 b5 11.g4 Nxd4 12.Bxd4 b4 13.Na4 O-O 14.Nb6 Rb8 15.g5 Nd7
16.Nxd7 Bxd7 17.Qh5 a5 18.Rd3 e5 19.Rg1 g6 20.Qh6 a4 21.Bd5 exd4 22.f4 b3
23.axb3 axb3 24.Bxb3 Rxb3 25.Rxb3 Ba4 26.Rgg3 Bxb3 27.Rxb3 Rc8 28.c3 Qc4
29.Qh3 Qxb3 30.Qxc8+ Bf8 31.Qh3 d5 32.exd5 Qxd5 33.cxd4 Qxd4  0-1

[Event "18th Fajr Open"]
[Site "Mashhad IRI"]
[Date "2010.02.22"]
[Round "5"]
[White "Moosavian,S"]
[Black "Akbari Zahmati,Hamidreza"]
[Result "1-0"]
[WhiteElo "2407"]
[BlackElo "2095"]
[ECO "B89"]

1.e4 c5 2.Nc3 Nc6 3.Nf3 d6 4.Bc4 Nf6 5.d4 cxd4 6.Nxd4 e6 7.Bb3 Be7 8.Be3 a6
9.Qe2 Qc7 10.O-O-O b5 11.g4 Na5 12.g5 Nxb3+ 13.axb3 Nd7 14.Nf5 exf5 15.Nd5 Qd8
16.exf5 Bb7 17.f6 Bxd5 18.Rxd5 gxf6 19.Re1 f5 20.Bd4 Rg8 21.Bf6 Nxf6 22.gxf6 Ra7
23.Qe3 Rc7 24.Rxf5 Rg6 25.Rg5 Kd7 26.Rxg6 hxg6 27.fxe7 Qe8 28.Qe4 f5 29.Qd5 b4
30.Kb1 Rc8 31.Qb7+ Rc7 32.Qxa6 f4 33.Qb5+ Rc6 34.Qb7+ Rc7 35.Qxb4 Kc8 36.Qxd6 g5
37.Qe6+ Kb8 38.Qb6+ Kc8 39.Qa6+ Kb8 40.Re4 Ra7 41.Qd6+  1-0